El cólera (Record no. 166733)

MARC details
000 -LEADER
campo de control de longitud fija 00867nam a22002175i 4500
001 - NÚMERO DE CONTROL
campo de control 166733
003 - IDENTIFICADOR DE NÚMERO DE CONTROL
campo de control ES-MaACL
005 - FECHA Y HORA DE LA ÚLTIMA TRANSACCIÓN
campo de control 20250901032932.0
008 - DATOS DE LONGITUD FIJA--INFORMACIÓN GENERAL
campo de control de longitud fija 941125s1885 sp |||| | spa d
040 ## - FUENTE DE CATALOGACIÓN
Centro catalogador/agencia de origen CAT
Lengua de catalogación spa
Centro/agencia transcriptor CAT
Centro/agencia modificador CCPB
080 ## - NÚMERO DE LA CLASIFICACIÓN DECIMAL UNIVERSAL
Número de la Clasificación Decimal Universal 616
100 1# - ENTRADA PRINCIPAL--NOMBRE DE PERSONA
Nombre de persona Tutau, Juan (
Fechas asociadas al nombre 1829-1893)
9 (RLIN) 133421
245 13 - MENCIÓN DEL TÍTULO
Título El cólera
Resto del título : memoria leída en el Ateneo Barcelonés /
Mención de responsabilidad, etc. por el Dr. J. Tutau, secretario de la Sección de Ciencias Naturales y Exactas.
260 ## - PUBLICACIÓN, DISTRIBUCIÓN, ETC.
Lugar de publicación, distribución, etc. Barcelona :
Nombre del editor, distribuidor, etc. [s.n.],
Fecha de publicación, distribución, etc. 1885 (
Fabricante Establecimiento Tipográfico de los Sucesores de N. Ramírez y Ca.)
300 ## - DESCRIPCIÓN FÍSICA
Extensión 45 p. ;
Dimensiones 22 cm.
593 #1 -
-- Encabezamiento tomado de BN.
650 #7 - PUNTO DE ACCESO ADICIONAL DE MATERIA--TÉRMINO DE MATERIA
Término de materia o nombre geográfico como elemento de entrada Cólera
Fuente del encabezamiento o término embne
9 (RLIN) 11143
710 2# - ENTRADA AGREGADA--NOMBRE DE ENTIDAD CORPORATIVA
Nombre de entidad corporativa o nombre de jurisdicción como elemento de entrada Ateneu Barcelonès.
9 (RLIN) 2060
852 ## - LOCALIZACIÓN
Ubicación ES-MaACL
Número de control de estantería T-424-F-2
Nota libre -- Enc. hol.
-- -- Enc. en un vol. facticio
-- .- Dedicatoria autógrafa del autor
Holdings
Estatus retirado Estado de pérdida Estado de daño No para préstamo Colección Biblioteca de origen Biblioteca actual Ubicación en estantería Fecha de adquisición Total de préstamos Signatura topográfica completa Código de barras Visto por última vez Precio de reemplazo Tipo de ítem Koha
        Colección de folletos Biblioteca del Ateneo de Madrid Biblioteca del Ateneo de Madrid Depósito folletos 17/01/2008   T-424-F-2 1174867 23/02/2023 23/02/2023 Folleto